000 01120cam a2200325 i 4500
001 35846
003 KOSZ 005
005 20191028133501.0
008 990506s1983 pl a f |001 0 pol
015 _aPB 1983/7367
020 _a8320404703
040 _aWA N
_cWA N
_dKOSZ 005/HR
041 0 _apol
_brus
_beng
046 _k1983
080 _a681.5
080 _a621.313
245 0 0 _aElektryczne maszynowe elementy automatyki :
_bpraca zbiorowa /
_cpod red. Jerzego Owczarka ; aut. J. Owczarek [et al.].
260 _aWarszawa :
_bWydawnictwa Naukowo-Techniczne,
_c1983.
300 _a738, [2] s. :
_bfot., rys., wykr. ;
_c25 cm.
504 _aBibliogr. s. 721-728.- Indeks.
546 _aStreszcz. ros., ang.
658 _aInżynieria i technika
650 4 _aAutomatyka
650 4 _aUrządzenia
650 4 _aMaszyny elektryczne
700 1 _aOwczarek, Jerzy
_d(1926-1993)
_eAutor
710 2 _aWydawnictwa Naukowo-Techniczne
_4pbl.
856 _uhttp://koha.tu.koszalin.pl/cgi-bin/koha/opac-detail.pl?biblionumber=35846
_yKatalog online BPK
942 _2UKD
_cKS
999 _c35846
_d35846